000 00893nac a22002897a 4500
001 BR0402989
003 BR-BrBNA
005 20240105123019.0
008 230509b bl.|||m| |||| 00| 0 por d
040 _aBR-BrBNA
_bpor
_cBiblioteca Nacional de Agricultura
072 _aH10
090 _a3877 BR0402989
100 1 _aParra, J.R.P.
100 1 _aVendramim, J.D.
100 1 _aeds.
110 1 _aSociedade Entomológica do Brasil, Piracicaba, SP (Brasil)
_99908
245 1 _aPlantas inseticidas e controle de pragas
260 3 _aPiracicaba, SP (Brasil):
_c2000.
300 _a5 p.
490 _aInformativo da Sociedade Entomológica do Brasil (Brazil)
_vv. 25(2)
_x
650 _aINSETICIDA DE ORIGEM VEGETAL
650 _aTOXIDEZ
650 _aPRAGA DE PLANTA
650 _aCONTROLE BIOLÓGICO
909 _a202312
_bLúcia Elande
_c55
_dLúcia Elande
942 _2AGRIS
_n0
_cMS
999 _c293640
_d293640